MARC

LEADER 00000nam0a2200000 4500
001 23015
005 20231030195019.0
035 |a (RuTPU)RU\TPU\book\23230 
035 |a BOOK00023302 
090 |a 23015 
100 |a 20011209d1999 k y0rusy50 ca 
101 0 |a rus 
102 |a RU 
105 |a y z 100zy 
200 1 |a Экологические проблемы гидрогеологии  |e  Восьмые толстихинские чтения  |e Материалы научно-методической конференции, 16-17 ноября 1999 г., Санкт-Петербург  |f Санкт-Петербургский горный институт 
210 |a СПб.  |c [Б. и.]  |d 1999 
215 |a 205 с. 
610 1 |a гидрогеология 
610 1 |a экология 
610 1 |a инженерная геология 
610 1 |a исследования 
610 1 |a распространение 
610 1 |a формирование 
610 1 |a воды подземные 
610 1 |a загрязнения 
610 1 |a конференции 
610 1 |a Санкт-Петербург 
675 |a 556.3(063)  |v 3 
712 0 2 |a Санкт-Петербургский горный институт 
712 1 2 |a Экологические проблемы гидрогеологии  |b Толстихинские чтения  |b научно-методическая конференция  |c материалы  |d 8  |e Санкт-Петербург  |f 1999 
801 0 |a RU  |b 63413507  |c 20011209  |g PSBO 
801 2 |a RU  |b 63413507  |c 20071009  |g PSBO 
942 |c BK